Marki ketchupu - Statystyki

Ogólne statystyki
  • Ten quiz został rozwiązany 258 razy
  • Średni wynik to 4 z 12
Statystyki odpowiedzi
Marka % Poprawnych
Pudliszki
92%
Kotlin
76%
Heinz
70%
Włocławek
45%
Hellmann's
37%
Madero
35%
Roleski
35%
Dawtona
17%
Develey
13%
Kania
11%
Kwidzyn
2%
Mikado
2%
Nie znaleziono quizów pasujących do podanych kryteriów
Rozkład punktacji
Procent ludzi z każdym wynikiem
Percentyl według liczby udzielonych odpowiedzi
Twoja historia wyników
Nie rozwiązałeś tego quizu